000 00554cam a2200193 4500500
005 20260405002821.0
041 _afre
042 _adc
100 1 0 _aOrtoli, Sven
_eauthor
245 0 0 _aComment s’envoyer en l’air
260 _c2018.
500 _a55
690 _aAir
690 _aAvion
690 _aTransport aérien
690 _aVol
786 0 _nPhilosophie magazine | 124 | 11 | 2018-11-01 | p. 14-14 | 1951-1787
856 4 1 _uhttps://shs.cairn.info/magazine-philosophie-magazine-2018-11-page-14?lang=fr&redirect-ssocas=7080
999 _c2061421
_d2061421